| 000 | 00348 a2200121 4500 | ||
|---|---|---|---|
| 001 | 91938 | ||
| 082 | _a327.17 SHA | ||
| 090 |
_c43885 _d43884 |
||
| 100 | _aShahid Ahmad Hashmat, Dr. | ||
| 245 |
_aInternational Conflict Resolution Role of the UN and the OIC _cHashmat, Dr,Shahid Ahmad |
||
| 260 |
_aIslamabad _bNUST _c2014 |
||
| 300 | _axxviii, 277 | ||
| 942 |
_aCAE NUST _k327.17 SHA |
||
| 999 |
_c327011 _d327011 |
||